[Event "Olympiad-44"]
[Site "Chennai"]
[Date "2022.08.06"]
[Round "8.2"]
[White "Giasi, Viresh"]
[Black "Salim, Mohammed Salim Al"]
[Result "1/2-1/2"]
[WhiteElo "2006"]
[BlackElo "1917"]
[PlyCount "125"]
[EventDate "2022.07.29"]
[EventType "team-swiss"]
[EventRounds "11"]
[EventCountry "IND"]
[SourceTitle "CBM 210"]
[Source "ChessBase"]
[SourceDate "2022.10.31"]
[SourceVersion "1"]
[SourceVersionDate "2022.10.31"]
[SourceQuality "1"]
[WhiteTeam "Surinam"]
[BlackTeam "Oman"]
[WhiteTeamCountry "SUR"]
[BlackTeamCountry "OMN"]

1. e4 c5 2. Nf3 Nc6 3. d4 cxd4 4. Nxd4 g6 5. Nxc6 bxc6 6. Qd4 Nf6 7. e5 Ng8 8. Bc4 Bg7 9. 0-0 d5 10. Bd3 Qc7 11. f4 e6 12. Be3 h5 13. b4 Nh6 14. Qc5 Bf8 15. Qc3 Nf5 16. Bc5 Bxc5+ 17. Qxc5 Qb6 18. Bxf5 Qxc5+ 19. bxc5 gxf5 20. Nd2 Ba6 21. Rf3 Ke7 22. Rb1 Rhb8 23. Rxb8 Rxb8 24. Ra3 Be2 25. Rxa7+ Kf8 26. Nb3 Rb4 27. g3 Rc4 28. a4 Bg4 29. a5 Rxc2 30. a6 Bh3 31. Rb7 Rg2+ 32. Kf1 Ra2+ 33. Ke1 Rxa6 34. Rb6 Ra3 35. Nd4 Ra1+ 36. Kd2 Ra2+ 37. Kc3 Rxh2 38. Nxc6 Rg2 39. Rb8+ Kg7 40. Ne7 Rxg3+ 41. Kd4 Rf3 42. c6 Rxf4+ 43. Kc5 Rc4+ 44. Kd6 f4 45. c7 Rxc7 46. Kxc7 f3 47. Rb2 Bg2 48. Kd6 h4 49. Rb4 Kh6 50. Rxh4+ Kg5 51. Rh7 d4 52. Rg7+ Kh6 53. Rg4 Kh5 54. Rxd4 f2 55. Rf4 f1Q 56. Rxf1 Bxf1 57. Ng8 Kg6 58. Nf6 Bd3 59. Ng8 Bc4 60. Nf6 Kf5 61. Ng8 Kg6 62. Nf6 Bd3 63. Ne8 1/2-1/2

[Event "Olympiad-44"]
[Site "Chennai"]
[Date "2022.08.05"]
[Round "7.2"]
[White "Giasi, Viresh"]
[Black "Altell, Majed"]
[Result "1-0"]
[WhiteElo "2006"]
[BlackElo "1807"]
[PlyCount "83"]
[EventDate "2022.07.29"]
[EventType "team-swiss"]
[EventRounds "11"]
[EventCountry "IND"]
[SourceTitle "CBM 210"]
[Source "ChessBase"]
[SourceDate "2022.10.31"]
[SourceVersion "1"]
[SourceVersionDate "2022.10.31"]
[SourceQuality "1"]
[WhiteTeam "Surinam"]
[BlackTeam "Palestine"]
[WhiteTeamCountry "SUR"]
[BlackTeamCountry "PLE"]

1. e4 c6 2. d3 d5 3. Be2 dxe4 4. dxe4 Qxd1+ 5. Bxd1 e5 6. Nf3 Bd6 7. Nbd2 f6 8. Nc4 Bc7 9. b3 b5 10. Ne3 Ne7 11. 0-0 Nd7 12. Ba3 a5 13. c3 Bb6 14. Nh4 Bc5 15. Bxc5 Nxc5 16. Bc2 g5 17. Nhf5 Nxf5 18. exf5 Ke7 19. b4 Nb7 20. a4 Bd7 21. axb5 axb4 22. cxb4 cxb5 23. Nd5+ Kf7 24. Nb6 Rxa1 25. Rxa1 Bc6 26. Bb3+ Kg7 27. Rc1 Nd8 28. f3 Re8 29. Nc8 e4 30. Nd6 Re7 31. fxe4 Rd7 32. Ne8+ Kf8 33. Nxf6 Rd3 34. Bd5 Bxd5 35. Nxd5 Nf7 36. Rc8+ Kg7 37. f6+ Kh6 38. h3 Rd2 39. Ne7 Re2 40. Rg8 Ne5 41. Nf5+ Kh5 42. Ng3+ 1-0

[Event "Olympiad-44"]
[Site "Chennai"]
[Date "2022.08.03"]
[Round "6.2"]
[White "Asante, Debesai Zerabruk"]
[Black "Giasi, Viresh"]
[Result "0-1"]
[WhiteElo "1785"]
[BlackElo "2006"]
[PlyCount "110"]
[EventDate "2022.07.29"]
[EventType "team-swiss"]
[EventRounds "11"]
[EventCountry "IND"]
[SourceTitle "CBM 210"]
[Source "ChessBase"]
[SourceDate "2022.10.31"]
[SourceVersion "1"]
[SourceVersionDate "2022.10.31"]
[SourceQuality "1"]
[WhiteTeam "Eritrea"]
[BlackTeam "Surinam"]
[WhiteTeamCountry "ERI"]
[BlackTeamCountry "SUR"]

1. e4 c5 2. Nf3 e6 3. d3 Nc6 4. g3 h5 5. h4 d5 6. Nbd2 Nf6 7. Bg2 dxe4 8. dxe4 e5 9. 0-0 Bg4 10. Re1 Qc7 11. c3 Be7 12. Qc2 Nh7 13. Nc4 0-0-0 14. Ne3 Bxf3 15. Bxf3 g5 16. Nf5 gxh4 17. gxh4 Nf8 18. Rd1 Ng6 19. Rxd8+ Qxd8 20. Qe2 Nxh4 21. Nxh4 Bxh4 22. Bxh5 Bxf2+ 23. Qxf2 Rxh5 24. Be3 Qg8+ 25. Qg2 Qxg2+ 26. Kxg2 b6 27. Rf1 Rh7 28. Rf5 Kd7 29. a4 Ke6 30. Bg5 Rg7 31. Kf3 Rg6 32. Be3 Rf6 33. Rxf6+ Kxf6 34. Kg4 c4 35. Bg5+ Ke6 36. Be3 Na5 37. Bf2 Nb3 38. Be3 Nc5 39. Bxc5 bxc5 40. Kg5 a5 41. Kg4 Kf6 42. Kh5 Kg7 43. Kg5 f6+ 44. Kf5 Kf7 45. Kg4 Kg6 46. Kf3 Kg5 47. Kg3 f5 48. exf5 Kxf5 49. Kf3 e4+ 50. Kg3 Kg5 51. Kf2 Kf4 52. Ke2 e3 53. Ke1 Kf3 54. Kf1 e2+ 55. Ke1 Ke3 0-1

[Event "Online Olym Div3 E"]
[Site "Chess.com INT"]
[Date "2020.08.07"]
[Round "3.4"]
[White "Alfaro Caracas, William"]
[Black "Giasi, Viresh"]
[Result "1/2-1/2"]
[WhiteElo "2135"]
[BlackElo "2006"]
[PlyCount "79"]
[EventDate "2020.08.07"]
[EventType "team-tourn (rapid)"]
[EventRounds "9"]
[EventCountry "USA"]
[SourceTitle "CBM 198"]
[Source "ChessBase"]
[SourceDate "2020.10.31"]
[SourceVersion "1"]
[SourceVersionDate "2020.10.31"]
[SourceQuality "1"]
[WhiteTeam "Nicaragua"]
[BlackTeam "Surinam"]
[WhiteTeamCountry "NCA"]
[BlackTeamCountry "SUR"]

1. d4 d5 2. Nf3 e6 3. c4 c6 4. Qc2 f5 5. Bf4 Nf6 6. e3 Bd6 7. Nc3 Bxf4 8. exf4 0-0 9. Bd3 Nbd7 10. cxd5 Nxd5 11. Nxd5 cxd5 12. 0-0 Nf6 13. Rac1 Bd7 14. Qc7 Bc6 15. Qxd8 Raxd8 16. Rfe1 Rd6 17. Ne5 Rfd8 18. Bf1 Nd7 19. Nf3 h6 20. Rc2 Kf7 21. Bd3 g6 22. g3 Rg8 23. h4 Rd8 24. Rec1 Rg8 25. Kf1 Rd8 26. Ke2 Rg8 27. b3 a5 28. a4 Rd8 29. Ke3 Ke7 30. Rh1 Rg8 31. Be2 Kf7 32. Rcc1 Ke7 33. Ne1 Nf6 34. Bf3 b5 35. axb5 Bxb5 36. Rc7+ Rd7 37. Rc5 Rb7 38. Nc2 Ne4 39. Bxe4 fxe4 40. Ra1 1/2-1/2

[Event "Online Olym Div3 E"]
[Site "Chess.com INT"]
[Date "2020.08.07"]
[Round "1.3"]
[White "Guzman, Christopher"]
[Black "Giasi, Viresh"]
[Result "1-0"]
[WhiteElo "2258"]
[BlackElo "2006"]
[PlyCount "139"]
[EventDate "2020.08.07"]
[EventType "team-tourn (rapid)"]
[EventRounds "9"]
[EventCountry "USA"]
[SourceTitle "CBM 198"]
[Source "ChessBase"]
[SourceDate "2020.10.31"]
[SourceVersion "1"]
[SourceVersionDate "2020.10.31"]
[SourceQuality "1"]
[WhiteTeam "Dominican Republic"]
[BlackTeam "Surinam"]
[WhiteTeamCountry "DOM"]
[BlackTeamCountry "SUR"]

1. e4 e6 2. d4 g6 3. Nc3 Qf6 4. Nf3 c6 5. Bg5 Qg7 6. e5 Be7 7. Bxe7 Nxe7 8. Ne4 d5 9. Nf6+ Kd8 10. g4 Nd7 11. g5 h6 12. Qd2 hxg5 13. Qxg5 Qh6 14. Qxh6 Rxh6 15. Ng5 Rh4 16. Nxf7+ Kc7 17. Ne8+ Kb6 18. 0-0-0 Nf5 19. c3 a5 20. Bd3 c5 21. Bxf5 gxf5 22. Nfd6 cxd4 23. cxd4 Nf8 24. Rd3 a4 25. Nf6 Bd7 26. Kd2 Bb5 27. Nxb5 Kxb5 28. b3 Nh7 29. bxa4+ Rxa4 30. Rb1+ Ka6 31. Nd7 Rxa2+ 32. Kc3 b5 33. Kb3 Rxf2 34. Ra1+ Kb7 35. Nc5+ Kb8 36. Nxe6 Rhxh2 37. Kb4 Rh6 38. Nc5 Ng5 39. Rg3 Rh5 40. Rag1 Rb2+ 41. Kc3 Rhh2 42. Rxg5 b4+ 43. Kd3 Rbd2+ 44. Ke3 Rde2+ 45. Kf3 Ref2+ 46. Kg3 f4+ 47. Kg4 f3 48. Kf4 Rhg2 49. Nd3 Rd2 50. R5xg2 Rxd3 51. Rf2 Kc7 52. Rxf3 Rxd4+ 53. Kf5 Re4 54. Rgg3 Kc6 55. Re3 Rh4 56. e6 Rh8 57. e7 Re8 58. Ke6 d4 59. Re5 Rb8 60. Kf7 Kd7 61. Rd5+ Kc6 62. Rxd4 Kc5 63. Rd8 Rb7 64. Kf8 b3 65. e8Q b2 66. Rc8+ Kd4 67. Qe3+ Kd5 68. Rc5+ Kd6 69. Rg6+ Kd7 70. Qe7# 1-0

[Event "Online Olym Div4 D"]
[Site "Chess.com INT"]
[Date "2020.08.02"]
[Round "9.5"]
[White "Giasi, Viresh"]
[Black "Jacob, Jallah"]
[Result "1-0"]
[WhiteElo "2006"]
[BlackElo "1902"]
[PlyCount "149"]
[EventDate "2020.07.31"]
[EventType "team-tourn (rapid)"]
[EventRounds "9"]
[EventCountry "USA"]
[SourceTitle "CBM 198"]
[Source "ChessBase"]
[SourceDate "2020.10.31"]
[SourceVersion "1"]
[SourceVersionDate "2020.10.31"]
[SourceQuality "1"]
[WhiteTeam "Surinam"]
[BlackTeam "Liberia"]
[WhiteTeamCountry "SUR"]
[BlackTeamCountry "LBR"]

1. e4 e5 2. Nf3 Nc6 3. Bc4 h6 4. d4 exd4 5. Nxd4 Qf6 6. Nb5 Kd8 7. 0-0 a6 8. N5c3 Qd4 9. Bxf7 Qxd1 10. Rxd1 Nf6 11. Bf4 Bc5 12. Nd5 d6 13. Nxf6 gxf6 14. Nc3 Ke7 15. Bb3 Be6 16. Bxe6 Kxe6 17. Nd5 Rac8 18. c3 h5 19. a4 a5 20. Rab1 Ne5 21. b4 axb4 22. cxb4 Ba7 23. Bxe5 fxe5 24. b5 Bc5 25. a5 c6 26. Nb6 Bxb6 27. axb6 c5 28. Ra1 Rh7 29. f3 h4 30. Kf2 Rg7 31. Ra7 Rcg8 32. Rg1 Rf7 33. g3 Rgf8 34. Ra3 Rg7 35. gxh4 Rxg1 36. Kxg1 Rf4 37. Kg2 Rxh4 38. Kg3 Rh7 39. h4 d5 40. exd5+ Kxd5 41. Ra8 Rg7+ 42. Kf2 Kc4 43. Rc8 Rg6 44. Re8 Rh6 45. Kg3 Kxb5 46. Rxe5 Kxb6 47. Kg4 c4 48. h5 c3 49. Kg5 Rc6 50. Re1 c2 51. Rc1 Kb5 52. h6 Kb4 53. h7 Rc8 54. Rxc2 Rxc2 55. h8Q b5 56. f4 Kb3 57. Qa1 b4 58. f5 Kc4 59. Qa6+ Kc3 60. Qc6+ Kd2 61. Qg2+ Kc3 62. Qd5 b3 63. f6 b2 64. Qc5+ Kd2 65. Qb5 Rc5+ 66. Qxc5 b1Q 67. Qd6+ Kc3 68. Qe5+ Kc4 69. Qe6+ Kc3 70. Qc6+ Kd4 71. f7 Qg1+ 72. Kf6 Qf2+ 73. Ke7 Qe3+ 74. Qe6 Qg5+ 75. Qf6+ 1-0

[Event "Online Olym Div4 D"]
[Site "Chess.com INT"]
[Date "2020.07.31"]
[Round "2.4"]
[White "Giasi, Viresh"]
[Black "Zilleruelo Irizarry, Diego"]
[Result "0-1"]
[WhiteElo "2006"]
[BlackElo "2081"]
[PlyCount "52"]
[EventDate "2020.07.31"]
[EventType "team-tourn (rapid)"]
[EventRounds "9"]
[EventCountry "USA"]
[SourceTitle "CBM 198"]
[Source "ChessBase"]
[SourceDate "2020.10.31"]
[SourceVersion "1"]
[SourceVersionDate "2020.10.31"]
[SourceQuality "1"]
[WhiteTeam "Surinam"]
[BlackTeam "Puerto Rico"]
[WhiteTeamCountry "SUR"]
[BlackTeamCountry "PUR"]

1. e4 c6 2. d3 d5 3. Be2 Nf6 4. Nd2 dxe4 5. dxe4 g6 6. c3 Bg7 7. Ngf3 0-0 8. h3 Nbd7 9. Qc2 Qc7 10. Nf1 Ne5 11. N1d2 Nxf3+ 12. Nxf3 Nh5 13. Be3 Nf4 14. g3 Ng2+ 15. Kd2 Rd8+ 16. Bd3 Nxe3 17. Kxe3 c5 18. b4 cxb4 19. Rhd1 bxc3 20. Ke2 Bxh3 21. Rh1 Bg2 22. Rh2 Bxf3+ 23. Kxf3 Rd6 24. Rah1 Rad8 25. Bf1 Rf6+ 26. Kg2 Rd2 0-1

[Event "Olympiad-43"]
[Site "Batumi"]
[Date "2018.10.05"]
[Round "11.1"]
[White "Giasi, Viresh"]
[Black "Paiva, Donaldo"]
[Result "0-1"]
[WhiteElo "2024"]
[BlackElo "2206"]
[PlyCount "67"]
[EventDate "2018.09.24"]
[EventType "team-swiss"]
[EventRounds "11"]
[EventCountry "GEO"]
[SourceTitle "CBM 187"]
[Source "ChessBase"]
[SourceDate "2018.12.11"]
[SourceVersion "1"]
[SourceVersionDate "2018.12.11"]
[SourceQuality "1"]
[WhiteTeam "Surinam"]
[BlackTeam "Mozambique"]
[WhiteTeamCountry "SUR"]
[BlackTeamCountry "MOZ"]

1. d4 Nf6 2. c4 e6 3. Nf3 b6 4. g3 Bb7 5. Bg2 Bb4+ 6. Bd2 c5 7. Bxb4 cxb4 8. 0-0 0-0 9. Nbd2 a5 10. Re1 d6 11. e4 Qc7 12. e5 dxe5 13. Nxe5 Bxg2 14. Kxg2 Nc6 15. Ne4 Nxe5 16. dxe5 Qxe5 17. f4 Qf5 18. Nxf6+ Qxf6 19. Re5 Rfd8 20. Qe2 g6 21. Qe3 Rd6 22. Rc1 Qd8 23. Rc2 Rd3 24. Qf2 Rc8 25. b3 Qd6 26. Kh3 Rc5 27. Ree2 Qc6 28. Re5 Qd6 29. Rce2 Rxe5 30. fxe5 Qd4 31. Qg2 h5 32. Re4 Qd8 33. Qf1 Rd2 34. Rf4 0-1

[Event "Paramaribo Srefidensi 4th"]
[Site "Paramaribo"]
[Date "2016.11.26"]
[Round "7"]
[White "Bruzon Batista, Lazaro"]
[Black "Giasi, Viresh"]
[Result "1-0"]
[WhiteElo "2618"]
[BlackElo "1993"]
[PlyCount "56"]
[EventDate "2016.11.22"]
[EventType "tourn"]
[EventRounds "9"]
[EventCountry "SUR"]
[SourceTitle "CBM 175 Extra"]
[Source "ChessBase"]
[SourceDate "2016.12.12"]
[SourceVersion "1"]
[SourceVersionDate "2016.12.12"]
[SourceQuality "1"]

1. e4 e5 2. Nf3 Nf6 3. Nxe5 d6 4. Nf3 Nxe4 5. d4 d5 6. Bd3 Be7 7. 0-0 0-0 8. Re1 Nd6 9. Bf4 Nc6 10. c3 Bf6 11. Nbd2 Be6 12. Ne5 Ne7 13. Ng4 Bxg4 14. Qxg4 Ng6 15. Bg3 Re8 16. Nf3 Rxe1+ 17. Rxe1 Qf8 18. Qh5 c6 19. Re2 Rd8 20. h4 Nc8 21. Qg4 Re8 22. Qd7 Rxe2 23. Bxe2 Qd8 24. Qxb7 Nge7 25. Bd3 Kf8 26. b4 Ke8 27. b5 Qb6 28. bxc6 Ng6 1-0

[Event "Olympiad-42"]
[Site "Baku"]
[Date "2016.09.13"]
[Round "11.2"]
[White "Choukri, Adel"]
[Black "Giasi, Viresh"]
[Result "1-0"]
[WhiteElo "2269"]
[BlackElo "1979"]
[PlyCount "85"]
[EventDate "2016.09.02"]
[EventType "team-swiss"]
[EventRounds "11"]
[EventCountry "AZE"]
[SourceTitle "CBM 175"]
[Source "ChessBase"]
[SourceDate "2016.11.10"]
[SourceVersion "1"]
[SourceVersionDate "2016.11.10"]
[SourceQuality "1"]
[WhiteTeam "Morocco"]
[BlackTeam "Surinam"]
[WhiteTeamCountry "MAR"]
[BlackTeamCountry "SUR"]

1. Nf3 d5 2. c4 c6 3. b3 Nf6 4. Bb2 e6 5. g3 Bc5 6. Bg2 Nbd7 7. 0-0 0-0 8. d4 Bd6 9. Qc2 Re8 10. Ne5 Qc7 11. f4 b6 12. Nd2 Bb7 13. e4 dxe4 14. Nxe4 Nxe4 15. Qxe4 Nf6 16. Qf3 Rac8 17. Rac1 Ba8 18. c5 Bxe5 19. dxe5 Nd5 20. f5 exf5 21. Rce1 g6 22. g4 f4 23. e6 Rxe6 24. Rxe6 fxe6 25. Qe4 Re8 26. Be5 Qe7 27. Bd6 Qg5 28. h3 bxc5 29. Bxc5 h5 30. gxh5 gxh5 31. Kh1 Kg7 32. Qa4 Kf6 33. Rg1 Qg3 34. Qxa7 Rg8 35. Bf2 Qg7 36. Bh4+ Ke5 37. Qc5 Kf5 38. Be4+ Kxe4 39. Qc2+ Kd4 40. Rxg7 Rxg7 41. Qb2+ Ke3 42. Qxg7 c5 43. Qa7 1-0

[Event "Olympiad-42"]
[Site "Baku"]
[Date "2016.09.08"]
[Round "6.2"]
[White "Giasi, Viresh"]
[Black "Phiri, Richmond"]
[Result "1/2-1/2"]
[WhiteElo "1979"]
[BlackElo "2342"]
[PlyCount "66"]
[EventDate "2016.09.02"]
[EventType "team-swiss"]
[EventRounds "11"]
[EventCountry "AZE"]
[SourceTitle "CBM 175"]
[Source "ChessBase"]
[SourceDate "2016.11.10"]
[SourceVersion "1"]
[SourceVersionDate "2016.11.10"]
[SourceQuality "1"]
[WhiteTeam "Surinam"]
[BlackTeam "Zambia"]
[WhiteTeamCountry "SUR"]
[BlackTeamCountry "ZAM"]

1. e4 c5 2. c4 d6 3. Nc3 Nc6 4. d3 g6 5. g3 Bg7 6. Bg2 e6 7. Nge2 Nge7 8. 0-0 0-0 9. Rb1 e5 10. a3 a5 11. Bd2 f5 12. f3 Be6 13. Nd5 Rb8 14. Bg5 h6 15. Bxe7 Nxe7 16. Nxe7+ Qxe7 17. Nc3 h5 18. Bh3 Bh6 19. Nd5 Bxd5 20. cxd5 h4 21. Qe1 hxg3 22. hxg3 f4 23. Be6+ Kg7 24. g4 Rh8 25. Kg2 Bg5 26. Qxa5 Bh4 27. Qb5 Bg3 28. Rh1 Rxh1 29. Rxh1 Rh8 30. Qd7 Qxd7 31. Bxd7 Rxh1 32. Kxh1 g5 33. Kg2 Be1 1/2-1/2

[Event "Paramaribo Srefidensi 3rd"]
[Site "Paramaribo"]
[Date "2015.11.24"]
[Round "7"]
[White "Van Haastert, Edwin"]
[Black "Giasi, Viresh"]
[Result "1-0"]
[WhiteElo "2454"]
[BlackElo "1988"]
[PlyCount "59"]
[EventDate "2015.11.20"]
[EventType "swiss"]
[EventRounds "9"]
[EventCountry "SUR"]
[SourceTitle "CBM 169 Extra"]
[Source "ChessBase"]
[SourceDate "2015.12.18"]
[SourceVersion "1"]
[SourceVersionDate "2015.12.18"]
[SourceQuality "1"]

1. e4 c5 2. Nf3 e6 3. d4 cxd4 4. Nxd4 Nc6 5. Nc3 a6 6. Nxc6 bxc6 7. Bd3 d5 8. 0-0 Bc5 9. Qg4 g6 10. Qe2 Bb7 11. Na4 Be7 12. e5 h5 13. c4 c5 14. Nc3 d4 15. Be4 Qc7 16. Bxb7 Qxb7 17. Ne4 Nh6 18. Bxh6 Rxh6 19. Rfd1 Kf8 20. Rab1 Rd8 21. Rd3 Kg7 22. Qf3 Rd7 23. Rb3 Qc6 24. Qf6+ Kg8 25. Rb8+ Bf8 26. Qf4 Kg7 27. h4 g5 28. hxg5 Rg6 29. Nf6 Rb7 30. Nxh5+ 1-0

[Event "Olympiad-41"]
[Site "Tromsoe"]
[Date "2014.08.04"]
[Round "3.4"]
[White "Lemon, Eliman"]
[Black "Giasi, Viresh"]
[Result "0-1"]
[WhiteElo "1884"]
[BlackElo "1929"]
[PlyCount "92"]
[EventDate "2014.08.02"]
[EventType "team-swiss"]
[EventRounds "11"]
[EventCountry "NOR"]
[SourceTitle "CBM 162"]
[Source "ChessBase"]
[SourceDate "2014.09.17"]
[SourceVersion "1"]
[SourceVersionDate "2014.09.17"]
[SourceQuality "1"]
[WhiteTeam "Gambia"]
[BlackTeam "Surinam"]
[WhiteTeamCountry "GAM"]
[BlackTeamCountry "SUR"]

1. e4 c5 2. Nf3 d6 3. d4 cxd4 4. Nxd4 Nf6 5. Nc3 g6 6. Be2 Bg7 7. 0-0 0-0 8. Bf3 a6 9. Be3 Nbd7 10. g3 Ne5 11. Bg2 Nc4 12. Bc1 Ng4 13. Nde2 Rb8 14. Rb1 b5 15. b3 Nb6 16. Nd4 Qc7 17. Nce2 Bb7 18. c3 Nf6 19. Qd3 Nbd7 20. f3 Rfc8 21. Bd2 Nc5 22. Qe3 e5 23. Nc2 d5 24. b4 Na4 25. Rfc1 Rd8 26. Na1 dxe4 27. Nb3 Rd3 28. Qf2 exf3 29. Bf1 fxe2 30. Bxe2 Qc6 31. Kf1 Rd6 32. Ke1 Rbd8 33. c4 Qh1+ 34. Bf1 Ne4 35. Qg2 Qxg2 36. Bxg2 Nxd2 37. Bxb7 Nxb1 38. Rxb1 bxc4 39. Nc5 Rb6 40. Nxa4 Rxb7 41. Nc5 Rb6 42. a4 e4 43. a5 Rxb4 44. Rc1 Rb5 45. Nxa6 Rxa5 46. Nb4 Ra1 0-1

[Event "Olympiad-40"]
[Site "Istanbul"]
[Date "2012.08.31"]
[Round "4.2"]
[White "Giasi, Viresh"]
[Black "Kindermann, Stefan"]
[Result "0-1"]
[WhiteElo "1975"]
[BlackElo "2498"]
[PlyCount "148"]
[EventDate "2012.08.28"]
[EventType "team-swiss"]
[EventRounds "11"]
[EventCountry "TUR"]
[SourceTitle "CBM 151"]
[Source "ChessBase"]
[SourceDate "2012.11.13"]
[SourceVersion "1"]
[SourceVersionDate "2012.11.13"]
[SourceQuality "1"]
[WhiteTeam "Surinam"]
[BlackTeam "Austria"]
[WhiteTeamCountry "SUR"]
[BlackTeamCountry "AUT"]

1. Nf3 d5 2. g3 c6 3. d4 Bf5 4. Bg2 Nf6 5. 0-0 h6 6. Nbd2 e6 7. c4 Nbd7 8. a3 a5 9. b3 Be7 10. Re1 Ne4 11. Bb2 0-0 12. Nxe4 Bxe4 13. Nd2 Bxg2 14. Kxg2 Nf6 15. Qc2 Qb6 16. c5 Qb5 17. Qd3 Qxd3 18. exd3 Ne8 19. f4 Nc7 20. Nf3 a4 21. b4 Bf6 22. Ne5 Nb5 23. Rac1 Rad8 24. Nf3 Rfe8 25. Ne5 g6 26. Re2 Bg7 27. Rce1 Re7 28. h3 Kh7 29. Nf3 Rde8 30. Ne5 f6 31. Nf3 g5 32. f5 Kg8 33. g4 Kf7 34. Kf2 Nc7 35. Kg3 exf5 36. Rxe7+ Rxe7 37. Rxe7+ Kxe7 38. gxf5 h5 39. Ne1 Bh6 40. Nc2 Ne8 41. Bc1 Kd7 42. Bd2 Bf8 43. Ne3 Nc7 44. Nc2 Be7 45. Be1 Bd8 46. Kf3 Nb5 47. Bg3 Be7 48. Bh2 Bf8 49. Bg1 g4+ 50. hxg4 hxg4+ 51. Ke2 Bh6 52. Be3 Bg5 53. Bxg5 fxg5 54. Kf2 Ke7 55. Kg3 Kf7 56. Kxg4 Kf6 57. Kg3 Kxf5 58. Ne3+ Kg6 59. Nd1 Nxa3 60. Nc3 Nc2 61. Nxa4 Nxb4 62. Nb6 Nc2 63. Nc8 Nxd4 64. Kg4 Ne6 65. d4 Nxd4 66. Nd6 Nb3 67. Nxb7 d4 68. Nd8 d3 69. Kf3 g4+ 70. Ke3 d2 71. Ke2 g3 72. Nxc6 g2 73. Ne5+ Kf6 74. Nf3 Nd4+ 0-1

[Event "Olympiad-40"]
[Site "Istanbul"]
[Date "2012.08.28"]
[Round "1.3"]
[White "Giasi, Viresh"]
[Black "Forster, Richard"]
[Result "0-1"]
[WhiteElo "1975"]
[BlackElo "2459"]
[PlyCount "92"]
[EventDate "2012.08.28"]
[EventType "team-swiss"]
[EventRounds "11"]
[EventCountry "TUR"]
[SourceTitle "CBM 151"]
[Source "ChessBase"]
[SourceDate "2012.11.13"]
[SourceVersion "1"]
[SourceVersionDate "2012.11.13"]
[SourceQuality "1"]
[WhiteTeam "Surinam"]
[BlackTeam "Switzerland"]
[WhiteTeamCountry "SUR"]
[BlackTeamCountry "SUI"]

1. e4 c5 2. Nf3 b6 3. Nc3 Bb7 4. d4 cxd4 5. Nxd4 a6 6. Be3 e6 7. Qd2 Qc7 8. f3 Bb4 9. a3 Bxc3 10. Qxc3 Qxc3+ 11. bxc3 d6 12. Rb1 Nd7 13. Ne2 Rb8 14. c4 Bc6 15. Nc3 Kd8 16. Be2 Kc7 17. 0-0 Ngf6 18. Rfd1 h6 19. Bf4 Ne5 20. a4 Nfd7 21. Ra1 Nc5 22. Bxe5 dxe5 23. a5 Rhd8 24. Rxd8 Rxd8 25. axb6+ Kxb6 26. Rd1 Rxd1+ 27. Bxd1 Ka5 28. Na2 Ka4 29. Kf1 a5 30. Nc1 Kb4 31. Na2+ Ka3 32. Nc1 a4 33. Nd3 Nxd3 34. cxd3 Kb2 35. Bxa4 Bxa4 36. Ke2 Kc3 37. Ke3 Bc2 38. c5 Bxd3 39. c6 Bb5 40. c7 Ba6 41. h4 Kc4 42. g4 Kc5 43. f4 exf4+ 44. Kxf4 Kd6 45. g5 e5+ 46. Kg4 h5+ 0-1

[Event "SUR-ch"]
[Site "Paramaribo"]
[Date "2012.03.31"]
[Round "11"]
[White "Giasi, Viresh"]
[Black "Hanoeman, Suradj"]
[Result "1-0"]
[WhiteElo "1952"]
[BlackElo "1992"]
[PlyCount "107"]
[EventDate "2012.03.14"]
[EventType "tourn"]
[EventRounds "13"]
[EventCountry "SUR"]
[SourceTitle "EXT 2013"]
[Source "ChessBase"]
[SourceDate "2012.11.22"]
[SourceVersion "1"]
[SourceVersionDate "2012.11.22"]
[SourceQuality "1"]

1. e4 c5 2. Nc3 Nc6 3. f4 g6 4. Nf3 Bg7 5. Bc4 e6 6. 0-0 Nge7 7. e5 d5 8. Be2 a6 9. a4 h5 10. Qe1 Nd4 11. Nxd4 cxd4 12. Nd1 Qc7 13. Bd3 Bd7 14. b3 Nf5 15. Ba3 Bf8 16. Bxf8 Kxf8 17. Rc1 Kg7 18. Bxf5 exf5 19. Qf2 Qb6 20. Nc3 Be6 21. Ne2 Rac8 22. Nxd4 Qc7 23. Qh4 Qd8 24. Qxd8 Rhxd8 25. c3 Rc7 26. Rfe1 Rdc8 27. Ra1 b6 28. Kf2 Rc5 29. b4 Rc4 30. g3 Ra8 31. Rab1 Bd7 32. a5 b5 33. Nb3 Rac8 34. Nc5 R4xc5 35. bxc5 Rxc5 36. Rb4 Be6 37. Ke3 Kf8 38. d3 Ke7 39. Rd1 Rxc3 40. Rbb1 Rc7 41. Rdc1 Rd7 42. Rc6 Ra7 43. Rbc1 Bd7 44. Rc7 Ra8 45. Kd4 Rb8 46. Ra7 b4 47. Rcc7 Rd8 48. Rxa6 Ke8 49. Rb6 Be6 50. a6 Ra8 51. Rxb4 Kd8 52. Rc6 Bc8 53. Rbb6 Ra7 54. Kxd5 1-0

[Event "SUR-ch"]
[Site "Paramaribo"]
[Date "2012.03.30"]
[Round "10"]
[White "Sanches, Casanova Romario"]
[Black "Giasi, Viresh"]
[Result "1-0"]
[WhiteElo "1997"]
[BlackElo "1952"]
[PlyCount "111"]
[EventDate "2012.03.14"]
[EventType "tourn"]
[EventRounds "13"]
[EventCountry "SUR"]
[SourceTitle "EXT 2013"]
[Source "ChessBase"]
[SourceDate "2012.11.22"]
[SourceVersion "1"]
[SourceVersionDate "2012.11.22"]
[SourceQuality "1"]

1. e4 e5 2. Nf3 Nc6 3. Bb5 a6 4. Ba4 Nf6 5. 0-0 b5 6. Bb3 Be7 7. Re1 0-0 8. c3 d6 9. d3 Bg4 10. Nbd2 Na5 11. Bc2 c5 12. h3 Bh5 13. Nf1 Rc8 14. Ng3 Bg6 15. a4 b4 16. d4 cxd4 17. cxd4 exd4 18. Nxd4 d5 19. e5 Bxc2 20. Nxc2 Ne4 21. Nxe4 dxe4 22. Nd4 Bc5 23. Rxe4 Nc6 24. Be3 Nxd4 25. Bxd4 a5 26. Bxc5 Rxc5 27. Qe2 Qc7 28. Rd1 Rc2 29. Rd2 Rc1+ 30. Kh2 Rc8 31. Red4 Rc5 32. f4 g6 33. Rd7 Qc6 34. b3 Rc2 35. Rxc2 Qxd7 36. Rxc8+ Qxc8 37. Qb5 Qe6 38. Qxa5 Qxb3 39. Qd8+ Kg7 40. a5 Qe6 41. Qb6 b3 42. Qxe6 fxe6 43. a6 b2 44. a7 b1Q 45. a8Q Qb4 46. Kg3 g5 47. Qf3 gxf4+ 48. Qxf4 Qxf4+ 49. Kxf4 Kg6 50. Kg4 h6 51. h4 h5+ 52. Kf4 Kh6 53. g4 hxg4 54. Kxg4 Kg7 55. Kg5 Kf7 56. h5 1-0

[Event "SUR-ch"]
[Site "Paramaribo"]
[Date "2011.03.04"]
[Round "7"]
[White "Hanoeman, Suradj"]
[Black "Giasi, Viresh"]
[Result "1/2-1/2"]
[WhiteElo "2000"]
[BlackElo "1921"]
[PlyCount "54"]
[EventDate "2011.02.18"]
[EventType "tourn"]
[EventRounds "13"]
[EventCountry "SUR"]
[SourceTitle "EXT 2013"]
[Source "ChessBase"]
[SourceDate "2012.11.22"]
[SourceVersion "1"]
[SourceVersionDate "2012.11.22"]
[SourceQuality "1"]

1. d4 d5 2. Nf3 c5 3. e3 Nf6 4. c3 cxd4 5. exd4 g6 6. Bd3 Bg7 7. 0-0 0-0 8. Nbd2 Nc6 9. Re1 Rb8 10. a4 a6 11. Qe2 Ne8 12. b4 Ra8 13. h3 Nd6 14. Ne5 Re8 15. Ndf3 Bf5 16. Bxf5 Nxf5 17. Ng5 Nxe5 18. dxe5 e6 19. Qf3 h6 20. Nxf7 Kxf7 21. g4 Qh4 22. gxf5 gxf5 23. c4 Rad8 24. c5 Kg6 25. Bf4 Bf8 26. Kh2 Kh7 27. Rab1 Be7 1/2-1/2